Capitales des É-UA par deux premières lettres en 45 secondes - Statistiques

Statistiques générales
  • Ce quiz a été pris 291 fois
  • Le résultat moyen est 18 sur 50
Statistiques - réponses
état capitale % Correct
Californie Sacramento
80%
Minnesota Saint Paul
80%
Oregon Salem
80%
Utah Salt Lake City
80%
Nouveau-Mexique Santa Fe
80%
Alabama Montgomery
54%
Vermont Montpelier
54%
Idaho Boise
53%
Massachusetts Boston
53%
Virginie-Occidentale Charleston
48%
Wyoming Cheyenne
48%
Colorado Denver
48%
Iowa Des Moines
48%
New York Albany
46%
Hawaï Honolulu
44%
Louisiane Baton Rouge
43%
Floride Tallahassee
43%
Arizona Phoenix
42%
Michigan Lansing
40%
Wisconsin Madison
39%
Maine Augusta
38%
Texas Austin
38%
Caroline du Sud Columbia
36%
Ohio Columbus
36%
New Hampshire Concord
36%
Tennessee Nashville
34%
Géorgie Atlanta
32%
Dakota du Nord Bismarck
32%
Indiana Indianapolis
32%
Alaska Juneau
32%
Nebraska Lincoln
31%
Arkansas Little Rock
31%
Nevada Carson City
30%
Dakota du Sud Pierre
27%
Pennsylvanie Harrisburg
24%
Connecticut Hartford
24%
Mississippi Jackson
24%
Oklahoma Oklahoma City
23%
Caroline du Nord Raleigh
23%
Illinois Springfield
22%
Kansas Topeka
20%
Maryland Annapolis
18%
Delaware Dover
17%
Virginie Richmond
16%
Washington Olympia
14%
Kentucky Frankfort
13%
Missouri Jefferson City
11%
Rhode Island Providence
10%
New Jersey Trenton
10%
Montana Helena
9%
Aucun quiz correspondant
Distribution des résultats
% des personnes avec chaque résultat
Percentile par nombre de réponses
Votre historique - résultats
Vous n’avez pas pris ce quiz